The rape of the peasantry ; Latin America's landholding system.

Bibliographic Details
Main Author: Feder, Ernest
Format: Book
Language:English
Published: Garden City, N.Y. : Anchor Books, [1971]
Subjects:

MARC

Tag First Indicator Second Indicator Subfields
LEADER 00000cam a2200000 4500
001 in00000237607
005 20151009084535.0
008 711220s1971 nyu b 00100 eng d
010 |a  77147358  
035 |a (OCoLC)00220092 
035 |9 ABA0978AM 
037 |c $2.60 
040 |a DLC  |c DLC  |d TXA  |d UtOrBLW 
043 |a cl----- 
049 |a TXAM  |c [1371318] 
050 0 0 |a HD320.5.Z63  |b F4 
082 0 |a 333.3/2/098 
100 1 |a Feder, Ernest. 
245 1 4 |a The rape of the peasantry ;  |b Latin America's landholding system. 
264 1 |a Garden City, N.Y. :  |b Anchor Books,  |c [1971] 
264 4 |c [©1971] 
300 |a xiv, 304 pages ;  |c 18 cm. 
336 |a text  |b txt  |2 rdacontent 
337 |a unmediated  |b n  |2 rdamedia 
338 |a volume  |b nc  |2 rdacarrier 
500 |a "A Doubleday Anchor original." 
504 |a Includes bibliographical references. 
650 0 |a Land tenure  |z Latin America. 
650 0 |a Land reform  |z Latin America. 
651 0 |a Latin America  |x Rural conditions. 
999 |a MARS 
999 f f |s c1d2d9fd-568b-3b51-9b37-d2076d799321  |i 45cac04f-2aa4-3d0b-a2d3-e8322baff81b  |t 0 
952 f f |p ric  |a Texas A&M University  |b Rellis Campus  |c Joint Library Facility  |d Remote Storage  |t 0  |e HD320.5.Z63 F4  |h Library of Congress classification  |i unmediated -- volume  |m A14802647889 
998 f f |a HD320.5.Z63 F4  |t 0  |l Remote Storage